The RICS and MacDonald and Company Asia Pacific salary survey 2007 (Record no. 108005)

MARC details
000 -LEADER
fixed length control field 01289cad a22002535a 4500
001 - CONTROL NUMBER
control field L142870
008 - FIXED-LENGTH DATA ELEMENTS--GENERAL INFORMATION
fixed length control field 080317s2007 xxkd f s 000 0 eng d
035 ## - SYSTEM CONTROL NUMBER
System control number (Sirsi) u142870
041 0# - LANGUAGE CODE
Language code of text/sound track or separate title eng
050 04 - LIBRARY OF CONGRESS CALL NUMBER
Classification number 331.281333 $2 18
110 2# - MAIN ENTRY--CORPORATE NAME
Corporate name or jurisdiction name as entry element Royal Institution of Chartered Surveyors
9 (RLIN) 4900
245 04 - TITLE STATEMENT
Title The RICS and MacDonald and Company Asia Pacific salary survey 2007
Medium [electronic resource]
260 ## - PUBLICATION, DISTRIBUTION, ETC.
Place of publication, distribution, etc. London
Name of publisher, distributor, etc. Macdonald and Company
Place of publication, distribution, etc. London
Name of publisher, distributor, etc. RICS
Date of publication, distribution, etc. 2007
300 ## - PHYSICAL DESCRIPTION
Extent 24p.
Other physical details ill.
Dimensions 30cm.
520 ## - SUMMARY, ETC.
Summary, etc. Reports that the average salary for chartered surveyors working in the region is US$82 636, excluding bonuses and other benefits. Finds that the highest paid sectors were Commercial and Residential Development, Corporate Real Estate, Fund Management and Asset Management. Finds that the highest paying region was Singapore, with Australia and Macau also paying above the regional average.
521 2# - TARGET AUDIENCE NOTE
Target audience note Advanced
590 ## - LOCAL NOTE (RLIN)
Local note KA
650 24 - SUBJECT ADDED ENTRY--TOPICAL TERM
Topical term or geographic name entry element RICS SALARY AND BENEFITS SURVEYS
651 #4 - SUBJECT ADDED ENTRY--GEOGRAPHIC NAME
Geographic name Asia Pacific
690 ## - LOCAL SUBJECT ADDED ENTRY--TOPICAL TERM (OCLC, RLIN)
Topical term or geographic name as entry element MANAGEMENT-BUSINESS MANAGEMENT-HUMAN RESOURCE MANAGEMENT
710 2# - ADDED ENTRY--CORPORATE NAME
Corporate name or jurisdiction name as entry element Macdonald and Company
9 (RLIN) 3846
856 41 - ELECTRONIC LOCATION AND ACCESS
Uniform Resource Identifier <a href="https://www.macdonaldandcompany.com/content/dynamic.asp?id=910">https://www.macdonaldandcompany.com/content/dynamic.asp?id=910</a>
Public note View the item free of charge at www.macdonaldandcompany.com...
942 ## - ADDED ENTRY ELEMENTS (KOHA)
Suppress in OPAC 0
Holdings
Withdrawn status Lost status Source of classification or shelving scheme Damaged status Not for loan Home library Current library Shelving location Date acquired Total Checkouts Full call number Barcode Date last seen Copy number Price effective from Koha item type
    Dewey Decimal Classification     London London RICS Boxes 28/04/2008   RICS 2007/73 30071196 06/08/2019 2 06/08/2019 Book
    Dewey Decimal Classification     London London RICS Boxes 28/04/2008   RICS 2007/73 30071197 06/08/2019 3 06/08/2019 Reference material
    Dewey Decimal Classification     London London RICS Boxes 02/06/2009   RICS 2007/73 30071198 06/08/2019 4 06/08/2019 Archive
    Dewey Decimal Classification     Virtual Virtual Online 19/03/2008   ONLINE PUBLICATION 142870-1001 06/08/2019 1 06/08/2019 Book